Normal view
MARC view
- Yadav, J.S.P .
Entry Personal Name
001 - CONTROL NUMBER
- control field: 1482
003 - CONTROL NUMBER IDENTIFIER
- control field: OSt
005 - DATE AND TIME OF LATEST TRANSACTION
- control field: 20160924135209.0
008 - FIXED-LENGTH DATA ELEMENTS
- fixed length control field: 160924|| aca||aabn | a|a d
040 ## - CATALOGING SOURCE
- Original cataloging agency: OSt
- Transcribing agency: OSt
100 ## - HEADING--PERSONAL NAME
- Personal name: Yadav, J.S.P .
670 ## - SOURCE DATA FOUND
- Source citation: Work cat.: (OSt)8877: Singh, R.P . 1481, Utilization of salt affected soils and saline waters for trees and grasses / , 1987.
